000 00281nam a2200121Ia 4500
008 180207s9999 xx 000 0 und d
050 _bP739 [1999]
245 _aPocahontas /
260 _bMouse Works,
300 _aunpaged :
300 _bcolor illustration ;
300 _c24cm.
999 _c355423
_d355423